003710000a2200097000450024501000000004100140010070000340011470000260014810000340017477300650020810aGeneralidades ecológico-pesqueras de la Cienaga la Caimanera, departamento del Sucre-Colombia0 aEspañol1 aRomero Martelo, Nelson José1 aFlórez Amaya, Fabio1 aLópez Castro, Mario Orlando1 tTrianeakActa Científica y Tecnológicah4q341-374d1991